Twain and the image of history.

Saved in:
Bibliographic Details
Main Author: Salomon, Roger B.
Format: Book
Language:English
Published: New Haven : Yale U.P., 1961.
Series:Yale studies in English
Subjects:
LEADER 00981nam a22003011a 4500
001 c000369277
003 CARM
005 20010502224509.0
008 851211s1961 ctu 1 eng d
010 |a 61006309 
015 |a GB61-19536 
019 1 |a 4174971  |5 LACONCORD2021 
035 |a (OCoLC)188739  |5 LACONCORD2021 
040 |a NUN  |b eng  |c NUN  |d NSL:R 
050 0 0 |a PS1338  |b .S25 
082 0 4 |a 813.4 
082 0 4 |a 817.4 
100 1 |a Salomon, Roger B. 
245 1 0 |a Twain and the image of history. 
260 |a New Haven :  |b Yale U.P.,  |c 1961. 
300 |a viii, 216 p.  |c 23 cm. 
490 0 |a Yale studies in English 
504 |a Bibliographical footnotes. 
600 1 0 |a Twain, Mark,  |d 1835-1910, 
650 0 |a Literature and history. 
852 8 |b CARM  |h A1:AL24F0  |i B10064  |p 0451592  |f BK 
999 f f |i 56a40441-b841-509c-81c8-8cf465c772fd  |s 93bd4bf3-5a31-5000-a9a8-b0f75be7e2c3 
952 f f |p Can circulate  |a CAVAL  |b CAVAL  |c CAVAL  |d CARM 1 Store  |e B10064  |f A1:AL24F0  |h Other scheme  |i book  |m 0451592